000 00429pab a2200145 454500
008 180718b1998 xxu||||| |||| 00| 0 eng d
100 _aMathur, Mukesh P.
245 _aRegional meet on devolution of functional and financial powers to urban local bodies (23-24 December, 1998, New Delhi)
260 _c1998
300 _ap.127-39
362 _aJul-Dec
650 _aLocal government
773 _aUrban India
909 _a43825
999 _c43825
_d43825